01873cam a22003974i 4500003000900000005001700009008004100026020001500067020001800082035002000100040003300120082002000153100003400173245009900207264004800306300003800354336002100392337002500413338002300438505081300461526001001274526001001284526001001294526001001304526000801314526000801322526000801330526000801338526000801346526000801354526000801362650000801370650003101378650002701409650003901436PE-LiUPU20250731173110.0181218s2018 ilu r 000 0 eng d a0830838147 a9780830838141 a(Sirsi) a251093 aPE-LiUPUbspacPE-LiUPUerda04a261.55bC772231 aCootsona, Gregory S.,eautor.10aMere science and Christian faith :bbridging the divide with emerging adults /cGreg Cootsona. 1aDowners Grove :bInterVarsity Press,c2018. a184 páginas ;c21 centímetros atext2rdacontent aunmediated2rdamedia avolume2rdacarrier0 aCreation, beauty, and science -- Emerging adult faith: not an LP, but a digital download: Case study: addressing the new atheism -- Emerging adults: are they none and done? Case study: cognitive science and reasons not to believe -- On a crash course with hermeneutics: Two case studies: Making two much of a good thing: Big bang and fine-tuning -- Adam, Eve, and history: Case study: what about intelligent design? Where's your ID? -- Calling out the good in technology -- Give technology a break: Two case studies: on global climate change and sexuality (where we're tempted to ask science for things it can't deliver) -- Moving forward. -- Give technology a break: Two case studies: on global climate change and sexuality (where we're tempted to ask science for things it can't deliver) -- Moving forward. aSEG42 aSEG41 aSEG40 aSEG39 aP94 aP87 aP86 aP85 aP77 aP76 aP35 4aFe. 0aCristianismoxFilosofía. 4aTeología, doctrinal. 0aAdultos jóvenesxReligiosa vida.